Los Profetas del Antiguo Testamento: introducción y comentarios
Guardat en:
| Autor principal: | |
|---|---|
| Format: | Llibre |
| Idioma: | espanyol |
| Publicat: |
Santiago
Seminario Pontificio Mayor de Santiago
1989
|
| Matèries: | |
| Etiquetes: |
Afegir etiqueta
Sense etiquetes, Sigues el primer a etiquetar aquest registre!
|
MARC
| LEADER | 00000nam a2200000 a 4500 | ||
|---|---|---|---|
| 001 | UCX2652 | ||
| 003 | CL-VaPUC | ||
| 008 | 910717e19890000CL |||||||||||||||||spa|d | ||
| 082 | 0 | 4 | |a 224 |b FEL |2 21 |
| 100 | 0 | |a Felten, Gustavo |e author |9 318687 | |
| 245 | 1 | 4 | |a Los Profetas del Antiguo Testamento: introducción y comentarios |
| 300 | |a 355 p | ||
| 942 | |c BK | ||
| 945 | |d 19910717 00:00:00 | ||
| 260 | |a Santiago |b Seminario Pontificio Mayor de Santiago |c 1989 | ||
| 650 | 0 | |a Biblia |9 257603 | |
| 583 | |a last modification |c 19910717 00:00:00 |k Rodrigo Vera | ||
| 999 | |c 223628 |d 223626 | ||
| 952 | |0 0 |1 0 |4 0 |6 224_000000000000000_FEL_1989 |7 0 |8 A |9 219628 |a BIBTEO |b BIBTEO |d 2019-11-15 |i 2883139 |o 224 FEL 1989 |p 2883139 |r 2025-01-17 |w 2019-11-15 |y BK |k ICR | ||
| 952 | |0 0 |1 0 |4 0 |6 224_000000000000000_FEL_1989 |7 0 |8 A |9 219629 |a BIBTEO |b BIBTEO |d 2019-11-15 |i 2883147 |o 224 FEL 1989 |p 2883147 |r 2025-01-17 |w 2019-11-15 |y BK |k ICR | ||
| 952 | |0 0 |1 0 |4 0 |6 224_000000000000000_FEL_1989 |7 0 |8 A |9 219630 |a BIBTEO |b BIBTEO |d 2019-11-15 |i 2883155 |o 224 FEL 1989 |p 2883155 |r 2025-01-17 |w 2019-11-15 |y BK |k ICR | ||